| Tag |
First Indicator |
Second Indicator |
Subfields |
| LEADER |
00000cam a2200000 a 4500 |
| 001 |
in00000013773 |
| 005 |
20151007052428.0 |
| 008 |
821018s1931 nyuh b 00110 eng |
| 010 |
|
|
|a 31016174
|
| 035 |
|
|
|a (OCoLC)08867640
|
| 035 |
|
|
|9 AAA7742AM
|
| 040 |
|
|
|a DLC
|c VXW
|d VXW
|d m/c
|d TXA
|d UtOrBLW
|
| 049 |
|
|
|a TXAS [bibl]
|
| 050 |
0 |
0 |
|a Z208
|b .W95
|
| 082 |
0 |
|
|a 655.173
|
| 090 |
|
|
|a Z208
|b .W95 1931
|
| 100 |
1 |
|
|a Wroth, Lawrence C.
|q (Lawrence Counselman),
|d 1884-1970.
|
| 245 |
1 |
4 |
|a The colonial printer /
|c by Lawrence C. Wroth.
|
| 264 |
|
1 |
|a New York :
|b The Grolier club,
|c 1931.
|
| 300 |
|
|
|a xvii, 271 pages, 15 unnumbered leaves of plates :
|b facsisms ;
|c 27 cm.
|
| 336 |
|
|
|a text
|b txt
|2 rdacontent
|
| 337 |
|
|
|a unmediated
|b n
|2 rdamedia
|
| 338 |
|
|
|a volume
|b nc
|2 rdacarrier
|
| 504 |
|
|
|a Bibliography: pages 245-255.
|
| 500 |
|
|
|a Includes index.
|
| 650 |
|
0 |
|a Printing
|x History
|z United States.
|
| 650 |
|
0 |
|a Book industries and trade
|z United States.
|
| 650 |
|
0 |
|a Printing industry
|x Vocational guidance
|z United States.
|
| 710 |
2 |
|
|a Grolier Club.
|
| 999 |
|
|
|a MARS
|
| 999 |
f |
f |
|s b186933a-ba43-32a6-98f6-2c9148d31464
|i 6e630054-34c4-3d43-b6a2-c28904ecc3c7
|t 0
|
| 952 |
f |
f |
|p noncirc
|a Texas A&M University
|b College Station
|c Cushing Memorial Library & Archives
|d Cushing: Reference (Does not check out)
|t 0
|e Z208 .W95 1931
|h Library of Congress classification
|i unmediated -- volume
|
| 998 |
f |
f |
|a Z208 .W95 1931
|t 0
|l Cushing: Reference (Does not check out)
|